| 000 | 00347nam a22001577a 4500 | ||
|---|---|---|---|
| 003 | SGT | ||
| 020 | _a978-81-239-2579-0 | ||
| 082 |
_a611 _bA17G |
||
| 100 | _aGARG, KRISHNA | ||
| 245 | _aANATOMY AND PHYSIOLOGY FOR NURSES | ||
| 250 | _a1ST | ||
| 260 |
_aINDIA _bCBS PUB _c2017 |
||
| 300 | _a245 | ||
| 650 | _aHUMAN ANATOMY | ||
| 942 |
_2ddc _cBK _017 |
||
| 999 |
_c20151 _d20151 |
||